000 00838nam a2200241 i 4500
001 35686
003 ES-MaACL
005 20230906155203.0
007 t|
008 030213s1917 sp ||||1| spa d
100 1 _aBougaud, Luis Emilio.
_930871
245 1 3 _aEl cristianismo y los tiempos presentes /
_cMonseñor Bougaud ; traducción por Emilio Villelga.
260 _aBarcelona :
_bJuan Gili,
_c1917.
300 _a5 v. ;
_c24 cm.
505 8 _aContiene: T. I: Religión e irreligión. -- T. II: Jesucristo. -- T. III: Los dogmas del Credo. -- T. IV: La Iglesia. -- T. V: La vida cristiana
700 1 _aVillelga, Emilio.
_9115231
740 0 _aReligión e irreligión.
740 0 _aJesucristo.
740 4 _aLos dogmas del Credo.
740 3 _aLa Iglesia.
740 3 _aLa vida cristiana.
852 _aES-MaACL
_jF-174-78
999 _c35686
_d35686